[Event "HUN-chT2 Toth 1617"]
[Site "Hungary"]
[Date "2017.02.26"]
[Round "9.12"]
[White "Bodo, Tibor"]
[Black "Vajna, Zsolt"]
[Result "1-0"]
[WhiteElo "1609"]
[BlackElo "1321"]
[PlyCount "65"]
[EventDate "2016.09.25"]
[EventType "team-tourn"]
[EventRounds "11"]
[EventCountry "HUN"]
[SourceTitle "EXT 2021"]
[Source "ChessBase"]
[SourceDate "2020.10.23"]
[SourceVersion "1"]
[SourceVersionDate "2020.10.23"]
[SourceQuality "1"]
[WhiteTeam "Kecskemet Toth Laszlo II"]
[BlackTeam "Szeged Maroczy II"]
[WhiteTeamCountry "HUN"]
[BlackTeamCountry "HUN"]

1. d4 d5 2. c4 e6 3. Nc3 c6 4. e3 Nf6 5. Bd3 Be7 6. Nf3 Nbd7 7. 0-0 Qc7 8. Bd2 e5 9. cxd5 cxd5 10. Rc1 Qb8 11. dxe5 Nxe5 12. Nxe5 Qxe5 13. Nb5 0-0 14. Bc3 Qh5 15. Qxh5 Nxh5 16. Nc7 Be6 17. Nxa8 Rxa8 18. a3 Nf6 19. f3 h6 20. Bd4 b6 21. b4 Kf8 22. Be5 Ke8 23. Ba6 Bd8 24. Bb7 Nd7 25. Bg3 Rb8 26. Bxb8 Nxb8 27. Bc8 Nd7 28. Rfd1 Bf6 29. Rd2 Kd8 30. Bb7 Ke7 31. Bxd5 Bxd5 32. Rxd5 Bb2 33. Rcd1 1-0